New paths in genetics /

Bibliographic Details
Main Author: Haldane, J. B. S. (John Burdon Sanderson), 1892-1964
Format: Book
Language:English
Published: New York, London : Harper & brothers, [1942]
Subjects:

MARC

Tag First Indicator Second Indicator Subfields
LEADER 00000cam a2200000 4500
001 in00000041239
005 20151007072515.0
008 751023s1942 nyua 00010 eng d
010 |a  42007881  
035 |a (OCoLC)01726958 
035 |9 AAE8000AM 
040 |a JPL  |c JPL  |d TXA  |d UtOrBLW 
049 |a TXAM  |c [108084] 
050 0 |a QH431  |b .H2435 
092 |a 575.104  |b H158n 
100 1 |a Haldane, J. B. S.  |q (John Burdon Sanderson),  |d 1892-1964. 
245 1 0 |a New paths in genetics /  |c by J. B. S. Haldane ... 
264 1 |a New York,  |a London :  |b Harper & brothers,  |c [1942] 
264 4 |c [©1942] 
300 |a 2 pages ., 7-206 pages including tables, diagrams ;  |c 22 cm. 
336 |a text  |b txt  |2 rdacontent 
337 |a unmediated  |b n  |2 rdamedia 
338 |a volume  |b nc  |2 rdacarrier 
500 |a "This book is based on a series of lectures given in the University of Groningen, Holland, in March 1940." 
500 |a "First edition." 
650 0 |a Genetics. 
999 |a MARS 
999 f f |s df12b735-8b02-31aa-adcb-6185810169f6  |i 1bb8ac70-d171-3f18-8dbf-2b86e996ef24  |t 0 
952 f f |p ric  |a Texas A&M University  |b Rellis Campus  |c Joint Library Facility  |d Remote Storage  |t 0  |e QH431 .H2435  |h Library of Congress classification  |i unmediated -- volume  |m A14800979604 
998 f f |a QH431 .H2435  |t 0  |l Remote Storage